Vista normal Vista MARC

Entrada Materia (personas)

Número de registros utilizados en: 1

001 - CONTROL NUMBER

  • control field: 61726

003 - CONTROL NUMBER IDENTIFIER

  • control field: Co-BoUCM

005 - DATE AND TIME OF LATEST TRANSACTION

  • control field: 20140526111448.0

008 - FIXED-LENGTH DATA ELEMENTS

  • fixed length control field: 140526|| aca||aabn | a|a d

040 ## - CATALOGING SOURCE

  • Original cataloging agency: Co-BoUCM
  • Transcribing agency: Co-BoUCM

100 ## - HEADING--PERSONAL NAME

  • Personal name: Maringus, Marianus ‎

670 ## - SOURCE DATA FOUND

  • Source citation: Work cat.: (Co-BoUCM)71326: Maringus, Marianus ‎ , Practica super ritu Mag. Regiae Curiae ac caeterarum totius Regni Siciliae Curiarum quae iure optimo thesaurus iuvenum, auxilium pauperum, et baculus senum nuncupari potest., 1619